Normal view
MARC view
- الداود ، عصام / م مشارك عبدالله بساطة
Entry Personal Name
001 - CONTROL NUMBER
- control field: 31154
003 - CONTROL NUMBER IDENTIFIER
- control field: JO-AjAnu
005 - DATE AND TIME OF LATEST TRANSACTION
- control field: 20230606075241.0
008 - FIXED-LENGTH DATA ELEMENTS
- fixed length control field: 230606|| aca||aabn | a|a d
040 ## - CATALOGING SOURCE
- Original cataloging agency: JO-AjAnu
- Transcribing agency: JO-AjAnu
100 ## - HEADING--PERSONAL NAME
- Personal name: الداود ، عصام / م مشارك عبدالله بساطة
670 ## - SOURCE DATA FOUND
- Source citation: Work cat.: (JO-AjAnu)15998: الداود ، عصام / م مشارك عبدالله بساطة , author, C# البرمجة كائنية المنحنى والبرمجة المرئية